| 000 | 03024cam a22006134i 4500 | ||
|---|---|---|---|
| 003 | PE-LiUPU | ||
| 005 | 20250731165611.0 | ||
| 008 | 150706s r 000 0 d | ||
| 020 | _a9789586484629 | ||
| 035 | _a(Sirsi) i9789586484629 | ||
| 035 | _a(Sirsi) i9789586484629 | ||
| 040 |
_aPE-LiUPU _bspa _cPE-LiUPU _erda |
||
| 049 | _aPRUA | ||
| 082 | 0 | 4 |
_a333.703 _bF81 _221 |
| 100 | 1 |
_aFraume Restrepo, Néstor Julio, _eautor. |
|
| 245 | 1 | 0 |
_aDiccionario ambiental / _cNéstor Julio Fraume Restrepo. |
| 264 | 1 |
_aBogotá : _bEcoe Ediciones, _c2007. |
|
| 300 |
_a465 páginas ; _c24 centímetros |
||
| 336 |
_atext _2rdacontent |
||
| 337 |
_aunmediated _2rdamedia |
||
| 338 |
_avolume _2rdacarrier |
||
| 490 | 0 | _aTextos universitarios. Ecología y medio ambiente | |
| 505 | 0 | _aDiccionario ambiental de A-Z. | |
| 526 | _aSEG44 | ||
| 526 | _aSEG26 | ||
| 526 | _aP151 | ||
| 526 | _aP150 | ||
| 526 | _aP149 | ||
| 526 | _aP146 | ||
| 526 | _aP145 | ||
| 526 | _aP126 | ||
| 526 | _aP125 | ||
| 526 | _aP92 | ||
| 526 | _aP75 | ||
| 526 | _aP74 | ||
| 526 | _aP27 | ||
| 526 | _aP15 | ||
| 541 | _g003-001184; | ||
| 541 | _g015-0016192; | ||
| 541 | _g015-0016192; | ||
| 650 | 0 | 4 |
_aEcología _vDiccionarios. |
| 650 | 0 | 4 |
_aMedio ambiente _vDiccionarios. |
| 650 | 0 | 4 |
_aProtección del medio ambiente _vDiccionarios. |
| 910 |
_agl _bjv _clch _d20110526 |
||
| 942 |
_2ddc _cBOOK |
||
| 949 |
_aRC 333.703 F81 _wDEWEY _c1 _i62925 _lCCODEBUL1 _mBUL _p50.00 _r0 _sY _tBOOK _u2015-7-6 _xINGENIERIA _PP24 _0COMPRA _o.CIRCNOTE. No olvidar cambiar la fecha de devolución!!!!!!! _o.STAFF. Colección General |
||
| 949 |
_aRC 333.703 F81 _wDEWEY _c2 _i69149 _lCCODEBUL1 _mBUL _p38.00 _r0 _sY _tBOOK _u2015-7-6 _xINGENIERIA _PP24 _0COMPRA _o.CIRCNOTE. No olvidar cambiar la fecha de devolución!!!!!!! _o.STAFF. Colección General |
||
| 949 |
_aRC 333.703 F81 _wDEWEY _c3 _i69150 _d2016-4-11 _e2016-4-7 _lCCODEBUL1 _mBUL _n2 _p38.00 _q2 _r0 _sY _tBOOK _u2015-7-6 _xINGENIERIA _PP24 _0COMPRA _o.CIRCNOTE. No olvidar cambiar la fecha de devolución!!!!!!! _o.STAFF. Colección General |
||
| 994 |
_aC0 _bPEPRU |
||
| 596 | _a1 | ||
| 999 |
_aRC 333.703 F81 _wDEWEY _c51955 _i62925 _lLOST _mBUL _p50.00 _r1 _sY _tBOOK _u2015-7-6 _xINGENIERIA _PP24 _0COMPRA _o.CIRCNOTE. No olvidar cambiar la fecha de devolución!!!!!!! _o.STAFF. Colección General _d51955 |
||
| 999 |
_aRC 333.703 F81 _wDEWEY _c2 _i69149 _d2017-9-24 _e2017-9-22 _f2019-12-11 _g6 _lRCG _mBUL _n3 _p38.00 _r1 _sY _tBOOK _u2015-7-6 _xINGENIERIA _PP24 _0COMPRA _o.CIRCNOTE. No olvidar cambiar la fecha de devolución!!!!!!! _o.STAFF. Colección General |
||
| 999 |
_aRC 333.703 F81 _wDEWEY _c3 _i69150 _d2016-4-11 _e2016-4-7 _f2021-11-9 _g7 _lCCODEBUL1 _mBUL _n2 _p38.00 _q2 _r0 _sY _tBOOK _u2015-7-6 _xINGENIERIA _PP24 _0COMPRA _o.CIRCNOTE. No olvidar cambiar la fecha de devolución!!!!!!! _o.STAFF. Colección General |
||
| 980 |
_81 _gALBERTO SANCHEZ Responsable de Automatización |
||